000 00370pab a2200157 454500
008 180718b2014 xxu||||| |||| 00| 0 eng d
100 _aRajamani, R.C.
245 _aRural infrastructure key to inclusive growth
260 _c2014
300 _ap.11-13.
362 _aMar
650 _aRural development
773 _aKurukshetra
908 _aN
909 _a103686
999 _c103682
_d103682